[Event "SRB-ch Semifinal 2021"]
[Site "Paracin"]
[Date "2021.03.19"]
[Round "5.6"]
[White "Radovanovic, Nikola"]
[Black "Abramovic, Bosko"]
[Result "1-0"]
[WhiteElo "2391"]
[BlackElo "2330"]
[Annotator "NA"]
[PlyCount "57"]
[EventDate "2021.03.16"]
[EventType "swiss"]
[EventCountry "SRB"]
[SourceTitle "playchess.com"]
[Source "ChessBase"]
[SourceQuality "1"]
[TimeControl "40/5400+30:1800+30"]

1. e4 {[%emt 0:03:49]} c5 {[%emt 0:00:00]} 2. Nf3 e6 {[%emt 0:00:00]} 3. d4 {[%emt 0:00:17]} cxd4 {[%emt 0:00:00]} 4. Nxd4 {[%emt 0:00:05]} Nc6 {[%emt 0:00:00]} 5. Nc3 {[%emt 0:00:14]} a6 {[%emt 0:00:07]} 6. Bf4 {[%emt 0:00:34]} d6 {[%emt 0:02:55]} 7. Nxc6 {[%emt 0:00:11]} bxc6 {[%emt 0:00:07]} 8. Qd2 {[%emt 0:00:04]} d5 {[%emt 0:00:51]} 9. O-O-O {[%emt 0:00:14]} Nf6 {[%emt 0:00:23]} 10. g4 {[%emt 0:00:27]} Bb7 {[%emt 0:06:33]} 11. g5 {[%emt 0:08:13]} Nd7 {[%emt 0:05:17]} 12. Bg2 {[%emt 0:04:56]} Bb4 {[%emt 0:00:57]} 13. Qd4 {[%emt 0:04:00]} Bxc3 {[%emt 0:00:06]} 14. Qxc3 {[%emt 0:00:21]} O-O {[%emt 0:00:05]} 15. h4 {[%emt 0:02:14]} Re8 {[%emt 0:11:06]} 16. Be3 {[%emt 0:10:10]} Rc8 {[%emt 0:17:06]} 17. h5 {[%emt 0:10:17]} f6 {[%emt 0:09:17]} 18. h6 {[%emt 0:04:14]} g6 {[%emt 0:00:07]} 19. f4 {[%emt 0:05:58]} Qe7 {[%emt 0:01:08]} 20. Rhe1 {[%emt 0:06:48]} Qf7 {[%emt 0:06:41]} 21. gxf6 {[%emt 0:11:26]} c5 {[%emt 0:06:47]} 22. exd5 {[%emt 0:11:31]} exd5 {[%emt 0:03:41]} 23. Qb3 {[%emt 0:00:47]} Nxf6 {[%emt 0:00:15]} 24. f5 {[%emt 0:00:34]} gxf5 {[%emt 0:09:00]} 25. Bf3 {[%emt 0:00:54]} Ng4 {[%emt 0:06:05]} 26. Rg1 {[%emt 0:02:51]} c4 {[%emt 0:06:54]} 27. Qc3 {[%emt 0:02:09]} Re4 {[%emt 0:00:04]} 28. Bxe4 {[%emt 0:02:11]} dxe4 {[%emt 0:00:07]} 29. Rdf1 {[%emt 0:02:56]} 1-0

[Event "SRB-ch Semifinal 2021"]
[Site "Paracin"]
[Date "2021.03.19"]
[Round "5.7"]
[White "Martic, Ivan"]
[Black "Arsovic, Zoran"]
[Result "0-1"]
[WhiteElo "2321"]
[BlackElo "2374"]
[Annotator "NA"]
[PlyCount "64"]
[EventDate "2021.03.16"]
[EventType "swiss"]
[EventCountry "SRB"]
[SourceTitle "playchess.com"]
[Source "ChessBase"]
[SourceQuality "1"]
[TimeControl "40/5400+30:1800+30"]

1. Nf3 {[%emt 0:00:00]} c5 {[%emt 0:00:08]} 2. c4 {[%emt 0:00:13]} Nf6 {[%emt 0:00:44]} 3. Nc3 {[%emt 0:02:07]} e6 {[%emt 0:01:26]} 4. g3 {[%emt 0:00:18]} d5 {[%emt 0:01:56]} 5. cxd5 {[%emt 0:00:57]} exd5 {[%emt 0:00:31]} 6. d4 {[%emt 0:00:07]} Nc6 {[%emt 0:00:22]} 7. Bg2 {[%emt 0:00:20]} cxd4 {[%emt 0:00:37]} 8. Nxd4 {[%emt 0:00:09]} Bc5 {[%emt 0:00:29]} 9. Nxc6 {[%emt 0:03:35]} bxc6 {[%emt 0:00:53]} 10. O-O {[%emt 0:02:14]} O-O {[%emt 0:00:43]} 11. e4 {[%emt 0:11:54]} Ba6 {[%emt 0:06:23]} 12. Re1 {[%emt 0:00:27]} Qb6 {[%emt 0:02:21]} 13. Be3 {[%emt 0:03:14]} d4 {[%emt 0:00:38]} 14. Na4 {[%emt 0:10:32]} dxe3 {[%emt 0:00:38]} 15. Nxb6 {[%emt 0:00:33]} exf2+ {[%emt 0:00:10]} 16. Kh1 {[%emt 0:00:05]} fxe1=Q+ {[%emt 0:00:30]} 17. Qxe1 {[%emt 0:00:04]} Bxb6 {[%emt 0:03:42]} 18. h3 {[%emt 0:07:42]} Rae8 {[%emt 0:09:43]} 19. Qb4 {[%emt 0:03:45]} Bd3 {[%emt 0:09:17]} 20. Re1 {[%emt 0:05:24]} Bf2 {[%emt 0:12:10]} 21. Rd1 {[%emt 0:04:07]} Bxe4 {[%emt 0:07:23]} 22. Rf1 {[%emt 0:01:36]} Nd5 {[%emt 0:03:35]} 23. Qa4 {[%emt 0:02:20]} Bxg2+ {[%emt 0:01:08]} 24. Kxg2 {[%emt 0:00:36]} Bb6 {[%emt 0:00:28]} 25. Kh1 {[%emt 0:02:29]} Re6 {[%emt 0:03:42]} 26. Qa6 {[%emt 0:02:20]} h5 {[%emt 0:02:04]} 27. Qb7 {[%emt 0:00:46]} g6 {[%emt 0:06:24]} 28. a4 {[%emt 0:02:30]} Kg7 {[%emt 0:05:04]} 29. a5 {[%emt 0:06:14]} Bxa5 {[%emt 0:01:27]} 30. Qxa7 {[%emt 0:00:23]} Bc7 {[%emt 0:00:38]} 31. Qd4+ {[%emt 0:03:38]} Be5 {[%emt 0:01:34]} 32. Qf2 {[%emt 0:01:05]} Rf6 {[%emt 0:00:21]} 0-1

[Event "SRB-ch Semifinal 2021"]
[Site "Paracin"]
[Date "2021.03.19"]
[Round "5.8"]
[White "Irizanin, Radoje"]
[Black "Popovic, Milan S"]
[Result "1/2-1/2"]
[WhiteElo "2343"]
[BlackElo "2327"]
[Annotator "NA"]
[PlyCount "51"]
[EventDate "2021.03.16"]
[EventType "swiss"]
[EventCountry "SRB"]
[SourceTitle "playchess.com"]
[Source "ChessBase"]
[SourceQuality "1"]
[TimeControl "40/5400+30:1800+30"]

1. d4 {[%emt 0:00:00]} Nf6 {[%emt 0:00:00]} 2. Bg5 {[%emt 0:00:00]} Ne4 {[%emt 0:00:00]} 3. h4 {[%emt 0:00:00]} d5 {[%emt 0:00:39]} 4. Nd2 {[%emt 0:00:48]} Bf5 {[%emt 0:00:49]} 5. Nxe4 {[%emt 0:01:06]} Bxe4 {[%emt 0:00:06]} 6. f3 {[%emt 0:00:50]} h6 {[%emt 0:00:14]} 7. Bf4 {[%emt 0:00:22]} Bh7 {[%emt 0:00:08]} 8. e3 {[%emt 0:00:25]} e6 {[%emt 0:00:41]} 9. Bd3 {[%emt 0:01:39]} Bxd3 {[%emt 0:00:49]} 10. Qxd3 {[%emt 0:00:49]} c5 {[%emt 0:03:02]} 11. Ne2 {[%emt 0:15:54]} Nc6 {[%emt 0:05:45]} 12. c3 {[%emt 0:03:11]} cxd4 {[%emt 0:05:20]} 13. cxd4 {[%emt 0:04:40]} Bd6 {[%emt 0:08:42]} 14. g4 {[%emt 0:11:20]} Qe7 {[%emt 0:05:18]} 15. Bxd6 {[%emt 0:03:37]} Qxd6 {[%emt 0:00:04]} 16. f4 {[%emt 0:01:44]} h5 {[%emt 0:09:43]} 17. g5 {[%emt 0:02:23]} g6 {[%emt 0:00:40]} 18. Kf2 {[%emt 0:04:58]} Ne7 {[%emt 0:13:35]} 19. Rac1 {[%emt 0:05:29]} O-O {[%emt 0:08:26]} 20. Rc5 {[%emt 0:01:54]} b6 {[%emt 0:01:52]} 21. Rc3 {[%emt 0:03:05]} Rac8 {[%emt 0:05:57]} 22. Rhc1 {[%emt 0:04:28]} Rxc3 {[%emt 0:01:27]} 23. Rxc3 {[%emt 0:01:32]} Rc8 {[%emt 0:08:34]} 24. Ng1 {[%emt 0:06:53]} Rxc3 {[%emt 0:02:02]} 25. Qxc3 {[%emt 0:01:23]} Qc6 {[%emt 0:00:39]} 26. Qxc6 {[%emt 0:01:25]} 1/2-1/2

[Event "SRB-ch Semifinal 2021"]
[Site "Paracin"]
[Date "2021.03.19"]
[Round "5.9"]
[White "Perunovic, Miodrag"]
[Black "Velickovic, Sasa"]
[Result "1-0"]
[WhiteElo "2428"]
[BlackElo "2288"]
[Annotator "NA"]
[PlyCount "97"]
[EventDate "2021.03.16"]
[EventType "swiss"]
[EventCountry "SRB"]
[SourceTitle "playchess.com"]
[Source "ChessBase"]
[SourceQuality "1"]
[TimeControl "40/5400+30:1800+30"]

1. e4 {[%emt 0:05:31]} c5 {[%emt 0:00:00]} 2. Nc3 {[%emt 0:00:06]} Nc6 {[%emt 0:01:20]} 3. Bb5 {[%emt 0:00:07]} Nd4 {[%emt 0:03:05]} 4. Nf3 {[%emt 0:00:09]} e6 {[%emt 0:10:52]} 5. O-O {[%emt 0:00:05]} a6 {[%emt 0:00:50]} 6. Bd3 {[%emt 0:00:11]} Nc6 {[%emt 0:00:52]} 7. b3 {[%emt 0:00:08]} d6 {[%emt 0:01:22]} 8. Bb2 {[%emt 0:00:15]} Nf6 {[%emt 0:01:20]} 9. Re1 {[%emt 0:00:03]} Qc7 {[%emt 0:05:44]} 10. Bf1 {[%emt 0:26:35]} Be7 {[%emt 0:02:35]} 11. d4 {[%emt 0:00:53]} cxd4 {[%emt 0:00:09]} 12. Nxd4 {[%emt 0:00:02]} O-O {[%emt 0:01:39]} 13. Qd2 {[%emt 0:12:00]} Bd7 {[%emt 0:09:56]} 14. Rad1 {[%emt 0:00:02]} Rfd8 {[%emt 0:05:34]} 15. Nf3 {[%emt 0:05:52]} Ne5 {[%emt 0:07:24]} 16. Nd4 {[%emt 0:00:09]} Nc6 {[%emt 0:00:48]} 17. Re3 {[%emt 0:00:14]} Nxd4 {[%emt 0:00:42]} 18. Qxd4 {[%emt 0:00:02]} Bc6 {[%emt 0:00:54]} 19. Rg3 {[%emt 0:01:52]} e5 {[%emt 0:07:42]} 20. Qe3 {[%emt 0:01:59]} Nh5 {[%emt 0:04:51]} 21. Rf3 {[%emt 0:00:08]} b5 {[%emt 0:00:33]} 22. Qe2 {[%emt 0:11:14]} Nf4 {[%emt 0:06:29]} 23. Qe1 {[%emt 0:06:07]} Rac8 {[%emt 0:04:29]} 24. Rd2 {[%emt 0:02:20]} Bg5 {[%emt 0:01:29]} 25. Rg3 {[%emt 0:05:27]} h6 {[%emt 0:10:46]} 26. Rd1 {[%emt 0:01:02]} Qb7 {[%emt 0:01:53]} 27. a3 {[%emt 0:01:58]} Qe7 {[%emt 0:03:43]} 28. Rf3 {[%emt 0:04:19]} Bd7 {[%emt 0:02:34]} 29. Re3 {[%emt 0:03:39]} Bc6 {[%emt 0:03:22]} 30. h4 {[%emt 0:01:53]} Bf6 {[%emt 0:00:42]} 31. g3 {[%emt 0:00:02]} Ne6 {[%emt 0:00:13]} 32. Nd5 {[%emt 0:00:36]} Bxd5 {[%emt 0:00:16]} 33. exd5 {[%emt 0:00:02]} Rxc2 {[%emt 0:01:14]} 34. Bc3 {[%emt 0:04:04]} Nc5 {[%emt 0:00:30]} 35. Ba5 {[%emt 0:02:45]} Re8 {[%emt 0:00:21]} 36. Bh3 {[%emt 0:02:08]} Qa7 {[%emt 0:00:50]} 37. Bf5 {[%emt 0:01:37]} Ra2 {[%emt 0:00:07]} 38. b4 {[%emt 0:00:16]} Nb7 {[%emt 0:00:56]} 39. Bc7 {[%emt 0:01:07]} Nc5 {[%emt 0:00:38]} 40. Bxd6 {[%emt 0:00:00]} Nb7 {[%emt 0:00:00]} 41. Bc7 {[%emt 0:01:30]} e4 {[%emt 0:03:26]} 42. d6 {[%emt 0:01:59]} Bd4 {[%emt 0:00:07]} 43. d7 {[%emt 0:06:10]} Rf8 {[%emt 0:00:07]} 44. Re2 {[%emt 0:01:44]} Rxe2 {[%emt 0:00:31]} 45. Qxe2 {[%emt 0:00:01]} e3 {[%emt 0:00:09]} 46. fxe3 {[%emt 0:00:57]} Bxe3+ {[%emt 0:00:05]} 47. Kg2 {[%emt 0:01:15]} Bb6 {[%emt 0:00:14]} 48. Be5 {[%emt 0:00:49]} Nd8 {[%emt 0:01:36]} 49. Bd6 {[%emt 0:01:31]} 1-0

[Event "SRB-ch Semifinal 2021"]
[Site "Paracin"]
[Date "2021.03.19"]
[Round "5.10"]
[White "Zegarac, Vuk"]
[Black "Arandjelovic, Aleksandar Z"]
[Result "1-0"]
[WhiteElo "2386"]
[BlackElo "1925"]
[Annotator "NA"]
[PlyCount "89"]
[EventDate "2021.03.16"]
[EventType "swiss"]
[EventCountry "SRB"]
[SourceTitle "playchess.com"]
[Source "ChessBase"]
[SourceQuality "1"]
[TimeControl "40/5400+30:1800+30"]

1. d4 {[%emt 0:00:00]} Nf6 {[%emt 0:10:36]} 2. c4 {[%emt 0:00:00]} g6 {[%emt 0:01:16]} 3. Nc3 {[%emt 0:00:01]} Bg7 {[%emt 0:00:08]} 4. e4 {[%emt 0:00:10]} d6 {[%emt 0:00:10]} 5. h3 {[%emt 0:00:12]} O-O {[%emt 0:00:45]} 6. Be3 {[%emt 0:00:10]} Nbd7 {[%emt 0:00:24]} 7. g4 {[%emt 0:01:15]} e5 {[%emt 0:01:54]} 8. d5 {[%emt 0:00:33]} a5 {[%emt 0:03:32]} 9. Nge2 b6 10. Ng3 {[%emt 0:02:48]} Nc5 {[%emt 0:01:07]} 11. Qd2 {[%emt 0:00:50]} Ne8 {[%emt 0:01:50]} 12. O-O-O {[%emt 0:06:36]} Bd7 {[%emt 0:02:50]} 13. f3 a4 14. h4 {[%emt 0:06:06]} f5 {[%emt 0:13:13]} 15. gxf5 {[%emt 0:04:49]} gxf5 {[%emt 0:00:53]} 16. exf5 {[%emt 0:02:10]} Rxf5 {[%emt 0:02:22]} 17. Be2 {[%emt 0:03:32]} Rf4 {[%emt 0:24:50]} 18. Nh5 {[%emt 0:09:44]} Rf7 {[%emt 0:02:57]} 19. Rdg1 {[%emt 0:07:03]} Bf5 {[%emt 0:01:03]} 20. Ng3 {[%emt 0:03:14]} Qd7 {[%emt 0:01:11]} 21. Nxf5 {[%emt 0:03:40]} Qxf5 {[%emt 0:04:53]} 22. Rg5 {[%emt 0:02:15]} Qd7 {[%emt 0:02:21]} 23. Bd1 {[%emt 0:04:47]} Nf6 {[%emt 0:03:20]} 24. h5 {[%emt 0:03:58]} Kh8 {[%emt 0:08:09]} 25. h6 {[%emt 0:00:32]} Bf8 {[%emt 0:00:06]} 26. Bc2 {[%emt 0:01:13]} Ng8 {[%emt 0:02:51]} 27. Rg3 {[%emt 0:02:10]} Be7 {[%emt 0:01:36]} 28. Rhg1 {[%emt 0:01:53]} Nf6 {[%emt 0:01:15]} 29. Qg2 {[%emt 0:01:51]} Raf8 {[%emt 0:01:59]} 30. Rg7 {[%emt 0:01:37]} Qe8 {[%emt 0:01:01]} 31. Bf5 {[%emt 0:10:03]} Nh5 {[%emt 0:02:04]} 32. Bxh7 {[%emt 0:01:00]} Bf6 {[%emt 0:01:38]} 33. Rxf7 {[%emt 0:00:33]} Rxf7 {[%emt 0:01:00]} 34. Bg6 {[%emt 0:01:20]} Nf4 {[%emt 0:00:08]} 35. Bxf4 {[%emt 0:01:49]} exf4 {[%emt 0:00:09]} 36. Bxf7 {[%emt 0:00:04]} Qxf7 {[%emt 0:00:23]} 37. Qg6 {[%emt 0:01:02]} Qxg6 {[%emt 0:00:59]} 38. Rxg6 {[%emt 0:00:10]} Bd4 {[%emt 0:01:11]} 39. Nb5 {[%emt 0:01:16]} Be3+ {[%emt 0:00:08]} 40. Kc2 {[%emt 0:00:00]} Nd7 {[%emt 0:00:00]} 41. Nxc7 {[%emt 0:01:02]} Ne5 {[%emt 0:02:07]} 42. Rf6 {[%emt 0:00:34]} Nxf3 {[%emt 0:02:37]} 43. Ne6 {[%emt 0:00:42]} Ne1+ {[%emt 0:06:43]} 44. Kd1 {[%emt 0:00:27]} Nd3 {[%emt 0:00:17]} 45. Ng5 {[%emt 0:00:09]} 1-0

[Event "SRB-ch Semifinal 2021"]
[Site "Paracin"]
[Date "2021.03.20"]
[Round "6.1"]
[White "Cabarkapa, Novak"]
[Black "Ratkovic, Miloje"]
[Result "1-0"]
[WhiteElo "2455"]
[BlackElo "2497"]
[Annotator "TA"]
[PlyCount "113"]
[EventDate "2021.03.16"]
[EventType "swiss"]
[EventCountry "SRB"]
[SourceTitle "playchess.com"]
[Source "ChessBase"]
[SourceQuality "1"]

{[%evp 9,113,-15,13,4,10,29,28,32,34,36,49,44,62,20,38,6,0,-6,0,-14,-23,-12,37,40,36,41,29,47,64,0,25,13,82,83,94,85,118,122,117,116,116,116,116,116,124,124,124,122,109,124,172,140,143,104,113,108,122,130,116,127,158,155,160,72,169,168,223,156,144,140,140,100,100,100,100,100,100,99,287,285,409,413,1022,1052,984,966,991,979,860,870,602,558,554,545,1168,1169,12811,9770,12825,6617,29969,29966,29964,29941,5728,4618]} 1. e4 c6 2. Nf3 d5 3. d3 dxe4 4. dxe4 Qxd1+ 5. Kxd1 g6 6. Ne5 {B10: Caro-Kann: 2 d3 and 2 c4.} Bg7 7. Nd3 Nf6 8. f3 {White has an edge.} O-O 9. a4 Nfd7 10. Bg5 {[#]} f6 $146 ({Predecessor:} 10... Bf6 11. Be3 Ne5 12. Nxe5 Bxe5 13. c3 Be6 14. Nd2 Nd7 15. Kc2 Bd6 16. Bc4 Bxc4 17. Nxc4 {1-0 (50) Gavrilescu,D (2473)-Olsen,F (2332) Hamburg 2020}) 11. Bh4 Na6 12. Nd2 Rd8 13. c3 Bh6 {...Ndc5 is the strong threat.} 14. b4 {[%cal Bb2b4,Bb4b5][%mdl 32]} Ne5 15. Kc2 Be6 {aiming for ...Nxd3.} (15... c5 $5 16. b5 c4 17. Nxe5 Rxd2+ 18. Kb1 Nc5 19. Nxc4 Rd1+ 20. Kb2 Rxa1 21. Kxa1 Be6 $15) 16. Rd1 $1 Nxd3 17. Bxd3 c5 18. b5 Nc7 19. Nb1 ({White should play} 19. Bg3 $14 Ne8 20. Nc4) 19... c4 20. Be2 Be3 (20... Rxd1 $11 21. Rxd1 a6) 21. Na3 $16 Rdc8 22. Nxc4 Bc5 23. Na5 b6 24. Nb3 Ne8 25. Nxc5 Rxc5 26. Bf2 Rc7 27. Bg3 Rc5 28. Kb2 Rac8 {[#]} 29. Rc1 Ng7 30. h4 Kf7 31. Bd1 Bc4 32. Bb3 Ne6 33. Rhd1 Ke8 34. Bf2 Bxb3 35. Kxb3 Rc4 36. g3 (36. Rc2 $142) 36... g5 (36... Nd8 $16) 37. hxg5 $18 fxg5 (37... Nxg5 $142 38. Rd3 Nf7) 38. Rh1 g4 39. fxg4 Ng5 40. Bd4 Nf3 41. Be3 Rxe4 42. Bf4 e5 {[#]} 43. Rcf1 $1 exf4 {A mistake that costs the game.} (43... Rxf4 $16 {was necessary.} 44. gxf4 Nd2+ 45. Kc2 Nxf1) 44. Rxf3 fxg3 (44... Re3 $142 45. Rxe3+ (45. Rxf4 Rcxc3+ 46. Kb4 Rb3+ 47. Kc4 Rbc3+ 48. Kd5 Rcd3+ 49. Kc4 Rc3+ 50. Kd4 Rcd3+ 51. Kc4 Rc3+ $11) 45... fxe3) 45. Rxh7 Rxg4 $16 {[%mdl 4096] Endgame KRR-KRR} (45... g2 $142 46. Rg3 Rec4 47. Rh8+ (47. Rxg2 Rxc3+ 48. Kb2 R8c7 $16) 47... Kf7) 46. Re3+ $18 Kf8 47. Rh8+ Rg8 48. Rxg8+ Kxg8 49. Rxg3+ {KR-KR} Kf7 50. Re3 Rh8 51. a5 bxa5 52. Ka4 Rh4+ 53. Kxa5 Rc4 54. Ka6 Rc7 55. c4 Kf6 56. Re8 Kf7 57. Re4 {Weighted Error Value: White=0.11/Black=0.38} 1-0

[Event "SRB-ch Semifinal 2021"]
[Site "Paracin"]
[Date "2021.03.20"]
[Round "6.3"]
[White "Arsovic, Zoran"]
[Black "Budisavljevic, Luka"]
[Result "0-1"]
[WhiteElo "2374"]
[BlackElo "2510"]
[Annotator "ChessBase"]
[PlyCount "70"]
[EventDate "2021.03.16"]
[EventType "swiss"]
[EventCountry "SRB"]
[SourceTitle "playchess.com"]
[Source "ChessBase"]
[SourceQuality "1"]
[TimeControl "40/5400+30:1800+30"]

1. c4 {[%emt 0:00:00]} e6 {[%emt 0:00:12]} 2. g3 {[%emt 0:00:02]} d5 {[%emt 0:01:03]} 3. Bg2 {[%emt 0:00:12]} a6 {[%emt 0:06:42]} 4. cxd5 {[%emt 0:12:30]} exd5 {[%emt 0:00:06]} 5. Nf3 {[%emt 0:00:14]} Nf6 {[%emt 0:00:16]} 6. O-O {[%emt 0:00:15]} Bd6 {[%emt 0:01:03]} 7. b3 {[%emt 0:01:55]} O-O {[%emt 0:01:17]} 8. Bb2 {[%emt 0:00:05]} Re8 {[%emt 0:02:17]} 9. Nc3 {[%emt 0:09:24]} Bg4 {[%emt 0:05:33]} 10. Rc1 {[%emt 0:05:31]} Nbd7 {[%emt 0:05:54]} 11. d3 {[%emt 0:02:33]} Ne5 {[%emt 0:09:18]} 12. Nh4 {[%emt 0:11:22]} g5 {[%emt 0:25:07]} 13. Nf3 {[%emt 0:04:31]} Bxf3 {[%emt 0:06:30]} 14. Bxf3 {[%emt 0:02:19]} Nxf3+ {[%emt 0:01:29]} 15. exf3 {[%emt 0:00:48]} Qd7 {[%emt 0:04:37]} 16. Ne2 {[%emt 0:12:38]} Nh5 {[%emt 0:10:06]} 17. Qd2 {[%emt 0:09:10]} f6 {[%emt 0:02:37]} 18. Rfe1 {[%emt 0:05:30]} Qh3 {[%emt 0:03:20]} 19. Kh1 {[%emt 0:05:01]} Kf7 {[%emt 0:02:03]} 20. Ng1 {[%emt 0:03:15]} Qf5 {[%emt 0:01:03]} 21. Re3 {[%emt 0:00:40]} Ng7 {[%emt 0:01:16]} 22. Rce1 {[%emt 0:00:59]} h5 {[%emt 0:00:54]} 23. Rxe8 {[%emt 0:00:36]} Rxe8 {[%emt 0:03:52]} 24. Rxe8 {[%emt 0:00:10]} Nxe8 {[%emt 0:00:36]} 25. Kg2 {[%emt 0:00:23]} h4 {[%emt 0:01:51]} 26. h3 {[%emt 0:04:56]} c5 {[%emt 0:02:34]} 27. Qe3 {[%emt 0:04:54]} Ng7 {[%emt 0:00:51]} 28. Ne2 {[%emt 0:00:43]} Qd7 {[%emt 0:00:16]} 29. Ba3 {[%emt 0:03:21]} Nf5 {[%emt 0:00:35]} 30. Qd2 {[%emt 0:00:25]} hxg3 {[%emt 0:00:38]} 31. fxg3 {[%emt 0:00:04]} d4 {[%emt 0:00:08]} 32. Qc1 {[%emt 0:00:33]} Qe7 {[%emt 0:00:45]} 33. Qd2 {[%emt 0:00:17]} Qe5 {[%emt 0:00:29]} 34. f4 {[%emt 0:01:05]} Qd5+ {[%emt 0:00:33]} 35. Kh2 {[%emt 0:00:07]} Ne3 {[%emt 0:00:14]} 0-1

[Event "SRB-ch Semifinal 2021"]
[Site "Paracin"]
[Date "2021.03.20"]
[Round "6.4"]
[White "Milosevic, Milos"]
[Black "Tadic, Stefan"]
[Result "1-0"]
[WhiteElo "2315"]
[BlackElo "2419"]
[Annotator "NA"]
[PlyCount "77"]
[EventDate "2021.03.16"]
[EventType "swiss"]
[EventCountry "SRB"]
[SourceTitle "playchess.com"]
[Source "ChessBase"]
[SourceQuality "1"]
[TimeControl "40/5400+30:1800+30"]

1. d4 {[%emt 0:02:24]} d5 {[%emt 0:05:54]} 2. c4 {[%emt 0:00:36]} e6 {[%emt 0:00:17]} 3. Nf3 {[%emt 0:00:04]} c5 {[%emt 0:00:17]} 4. cxd5 {[%emt 0:00:06]} exd5 {[%emt 0:00:05]} 5. g3 {[%emt 0:00:03]} Nf6 {[%emt 0:00:52]} 6. Bg2 {[%emt 0:00:26]} Nc6 {[%emt 0:00:25]} 7. O-O {[%emt 0:00:06]} Be7 {[%emt 0:00:07]} 8. dxc5 {[%emt 0:00:24]} Bxc5 {[%emt 0:08:34]} 9. a3 {[%emt 0:02:19]} a6 {[%emt 0:21:07]} 10. b4 {[%emt 0:03:36]} Ba7 {[%emt 0:00:05]} 11. Nc3 {[%emt 0:05:09]} d4 {[%emt 0:07:24]} 12. Na4 {[%emt 0:00:29]} O-O {[%emt 0:03:05]} 13. Bg5 {[%emt 0:00:27]} h6 {[%emt 0:01:42]} 14. Bxf6 {[%emt 0:00:13]} Qxf6 {[%emt 0:00:03]} 15. Rc1 {[%emt 0:00:05]} Re8 {[%emt 0:13:03]} 16. Nc5 {[%emt 0:00:33]} Re7 {[%emt 0:05:48]} 17. h3 {[%emt 0:12:36]} Bxc5 {[%emt 0:05:32]} 18. Rxc5 {[%emt 0:00:19]} Bf5 {[%emt 0:01:12]} 19. Nd2 {[%emt 0:22:44]} Rae8 {[%emt 0:00:11]} 20. e4 {[%emt 0:07:21]} Bh7 {[%emt 0:05:46]} 21. Rd5 {[%emt 0:06:11]} Rc7 {[%emt 0:01:40]} 22. Qa4 {[%emt 0:03:11]} Rec8 {[%emt 0:02:59]} 23. Rc1 {[%emt 0:08:05]} b5 {[%emt 0:02:06]} 24. Qb3 {[%emt 0:01:34]} Ne5 {[%emt 0:00:39]} 25. Rcc5 {[%emt 0:03:57]} Rxc5 {[%emt 0:01:59]} 26. bxc5 {[%emt 0:00:01]} g5 {[%emt 0:00:53]} 27. Rd6 {[%emt 0:01:58]} Qe7 {[%emt 0:00:05]} 28. Qd5 {[%emt 0:00:34]} d3 {[%emt 0:01:09]} 29. c6 {[%emt 0:14:46]} Nc4 {[%emt 0:04:29]} 30. Rd7 {[%emt 0:01:41]} Qf6 {[%emt 0:02:15]} 31. c7 {[%emt 0:01:09]} Kg7 {[%emt 0:02:34]} 32. Nxc4 {[%emt 0:00:20]} bxc4 {[%emt 0:00:01]} 33. Qxc4 {[%emt 0:00:19]} Bg6 {[%emt 0:00:57]} 34. Qxd3 {[%emt 0:01:21]} Qb6 {[%emt 0:00:29]} 35. Qc3+ {[%emt 0:00:46]} Kh7 {[%emt 0:00:08]} 36. e5 {[%emt 0:00:43]} Kg8 {[%emt 0:01:57]} 37. e6 {[%emt 0:00:39]} Qb1+ {[%emt 0:01:19]} 38. Kh2 {[%emt 0:00:13]} Qb6 {[%emt 0:00:03]} 39. Qf6 {[%emt 0:00:36]} 1-0

[Event "SRB-ch Semifinal 2021"]
[Site "Paracin"]
[Date "2021.03.20"]
[Round "6.5"]
[White "Sredojevic, Ivan"]
[Black "Radovanovic, Nikola"]
[Result "1/2-1/2"]
[WhiteElo "2288"]
[BlackElo "2391"]
[Annotator "NA"]
[PlyCount "20"]
[EventDate "2021.03.16"]
[EventType "swiss"]
[EventCountry "SRB"]
[SourceTitle "playchess.com"]
[Source "ChessBase"]
[SourceQuality "1"]
[TimeControl "40/5400+30:1800+30"]

1. e4 c5 2. Nf3 {[%emt 0:05:02]} d6 {[%emt 0:05:43]} 3. d4 {[%emt 0:00:19]} cxd4 {[%emt 0:00:08]} 4. Nxd4 {[%emt 0:00:04]} Nf6 5. Nc3 {[%emt 0:00:05]} a6 {[%emt 0:02:04]} 6. Be3 {[%emt 0:03:34]} e6 {[%emt 0:06:56]} 7. Be2 {[%emt 0:00:26]} Be7 {[%emt 0:07:05]} 8. O-O {[%emt 0:00:06]} O-O {[%emt 0:00:37]} 9. f4 {[%emt 0:03:02]} Qc7 {[%emt 0:03:14]} 10. Qe1 {[%emt 0:05:15]} Nc6 {[%emt 0:15:20]} 1/2-1/2

[Event "SRB-ch Semifinal 2021"]
[Site "Paracin"]
[Date "2021.03.20"]
[Round "6.6"]
[White "Irizanin, Radoje"]
[Black "Ratkovic, Milovan"]
[Result "0-1"]
[WhiteElo "2343"]
[BlackElo "2462"]
[Annotator "ChessBase"]
[PlyCount "72"]
[EventDate "2021.03.16"]
[EventType "swiss"]
[EventCountry "SRB"]
[SourceTitle "playchess.com"]
[Source "ChessBase"]
[SourceQuality "1"]
[TimeControl "40/5400+30:1800+30"]

1. d4 {[%emt 0:00:07]} d5 {[%emt 0:00:08]} 2. Bf4 {[%emt 0:00:57]} c5 {[%emt 0:00:10]} 3. e3 {[%emt 0:00:06]} cxd4 {[%emt 0:00:08]} 4. exd4 {[%emt 0:00:10]} Nc6 {[%emt 0:00:30]} 5. c3 {[%emt 0:00:30]} Bf5 {[%emt 0:00:30]} 6. Nf3 {[%emt 0:01:12]} a6 {[%emt 0:01:05]} 7. Nbd2 {[%emt 0:02:02]} e6 {[%emt 0:00:37]} 8. Be2 {[%emt 0:01:14]} Nf6 {[%emt 0:02:11]} 9. Nh4 {[%emt 0:03:42]} Be4 {[%emt 0:04:20]} 10. Nxe4 {[%emt 0:04:59]} Nxe4 {[%emt 0:01:40]} 11. Nf3 {[%emt 0:00:40]} Bd6 {[%emt 0:05:12]} 12. Bxd6 {[%emt 0:01:21]} Qxd6 {[%emt 0:01:15]} 13. O-O {[%emt 0:01:48]} O-O {[%emt 0:00:13]} 14. Bd3 {[%emt 0:02:31]} f5 {[%emt 0:00:30]} 15. Qe2 {[%emt 0:02:50]} Rae8 {[%emt 0:23:07]} 16. Rae1 {[%emt 0:03:14]} Kh8 {[%emt 0:08:20]} 17. Ne5 {[%emt 0:07:05]} Nxe5 {[%emt 0:03:49]} 18. dxe5 {[%emt 0:00:19]} Qc7 {[%emt 0:01:50]} 19. Kh1 {[%emt 0:06:25]} Nc5 {[%emt 0:02:56]} 20. Bb1 {[%emt 0:03:11]} b5 {[%emt 0:05:05]} 21. f3 {[%emt 0:04:14]} Rb8 {[%emt 0:03:42]} 22. g4 {[%emt 0:12:50]} fxg4 {[%emt 0:07:22]} 23. fxg4 {[%emt 0:01:08]} Nd7 {[%emt 0:00:30]} 24. g5 {[%emt 0:06:42]} g6 {[%emt 0:11:24]} 25. Qg4 {[%emt 0:09:52]} Rxf1+ {[%emt 0:04:14]} 26. Rxf1 {[%emt 0:00:10]} Qxe5 {[%emt 0:01:17]} 27. Qb4 {[%emt 0:02:49]} Kg8 {[%emt 0:02:27]} 28. Bd3 {[%emt 0:04:45]} Rf8 {[%emt 0:01:06]} 29. Rxf8+ {[%emt 0:03:24]} Nxf8 {[%emt 0:00:06]} 30. Qg4 {[%emt 0:01:28]} Qe1+ {[%emt 0:01:10]} 31. Kg2 {[%emt 0:00:08]} Qd2+ {[%emt 0:00:23]} 32. Qe2 {[%emt 0:00:07]} Qxg5+ 33. Kh1 {[%emt 0:00:12]} e5 {[%emt 0:02:20]} 34. a4 {[%emt 0:01:54]} bxa4 {[%emt 0:01:52]} 35. Bxa6 {[%emt 0:00:57]} Ne6 {[%emt 0:00:40]} 36. Bb7 {[%emt 0:03:22]} Qc1+ {[%emt 0:00:13]} 0-1